000 01190cam a2200253 4500
001 ABS65022
008 020208n2002 000 0 eng u
035 _a(Sirsi) u116662
100 _aKlein, R
245 2 _aA better way to sort out delays
260 _c2002
490 _aConstruction News
_v(6748) 10 January 2002, 12(1)
520 _aDiscusses the draft protocol for determining extensions of time and compensation for delay and disruption produced by the Society of Construction Law. Considers the aim of the protocol to provide guidance to all parties involved in a dispute over matters of timing. The protocol concentrates on the programme, which is always under scrutiny when there are disputes over delay or disruption. The protocol is available to download from www.eotprotocol.com.
590 _aABS
650 _aPROTOCOLS
650 _aDELAYS
650 _aMANAGEMENT
650 _aDISRUPTION
650 _aBUILT ENVIRONMENT
650 _aSOCIETY OF CONSTRUCTION LAW DELAY AND DISRUPTION PROTOCOL
690 _aDispute resolution
_96236
856 _uhttps://www.eotprotocol.com
_zView the protocol on the Society of Construction Law website...
942 _n0
999 _c69475
_d69475